Empresas multinacionales Latinoamericanas

Gespeichert in:
Bibliographische Detailangaben
1. Verfasser: White, Eduardo J.
Format: Buch
Sprache:Undetermined
Veröffentlicht: Mexico Fondo de Cultura Economia 1973
Schlagworte:
Tags: Tag hinzufügen
Keine Tags, Fügen Sie den ersten Tag hinzu!
Thư viện lưu trữ: Trung tâm Học liệu Trường Đại học Cần Thơ
LEADER 00498nam a2200181Ia 4500
001 CTU_81806
008 210402s9999 xx 000 0 und d
082 |a 338.8 
082 |b W581 
100 |a White, Eduardo J. 
245 0 |a Empresas multinacionales Latinoamericanas 
245 0 |c Eduardo J. White 
260 |a Mexico 
260 |b Fondo de Cultura Economia 
260 |c 1973 
650 |a Social policy 
904 |i Trọng Hải 
980 |a Trung tâm Học liệu Trường Đại học Cần Thơ